| 000 | 01077cam a22003011 4500 | ||
|---|---|---|---|
| 001 | 9885222 | ||
| 005 | 20050509181616.0 | ||
| 008 | 721130s1967 nju b 000 0 eng | ||
| 010 | _a 67014843 | ||
| 035 | _a(OCoLC)504068 | ||
| 040 |
_aDLC _cGACCLC _dOCoLC _dDLC |
||
| 042 | _apremarc | ||
| 050 | 0 | 0 |
_aHX44 _b.M232 |
| 082 |
_a335.4091717 _219 _bMCN |
||
| 100 | 1 |
_aMcNeal, Robert Hatch, _d1930- _910697 |
|
| 245 | 1 | 0 |
_aInternational relations among Communists, _cedited by Robert H. McNeal. |
| 260 |
_aEnglewood Cliffs, N.J., _bPrentice Hall _c[1967] |
||
| 300 |
_ax, 181 p. _c21 cm. |
||
| 490 | 0 |
_aA Spectrum book, _vS-151 |
|
| 500 | _aDonations. | ||
| 500 | _aDonated By: Alaa Abdel Ghaney. | ||
| 504 | _aBibliography: p. 177-181. | ||
| 650 | 0 |
_aCommunist parties. _910698 |
|
| 650 | 0 |
_aCommunism. _910699 |
|
| 651 | 0 |
_aCommunist countries _xPolitics and government. _910700 |
|
| 942 |
_2ddc _cBB |
||
| 999 |
_c13217 _d13217 |
||